Annuaire de l'archéologue français (Record no. 184394)
[ view plain ]
| 000 -LEADER | |
|---|---|
| campo de control de longitud fija | 00790nas a2200217 i 4500 |
| 001 - NÚMERO DE CONTROL | |
| campo de control | 184394 |
| 003 - IDENTIFICADOR DE NÚMERO DE CONTROL | |
| campo de control | ES-MaACL |
| 005 - FECHA Y HORA DE LA ÚLTIMA TRANSACCIÓN | |
| campo de control | 20250809151043.0 |
| 008 - DATOS DE LONGITUD FIJA--INFORMACIÓN GENERAL | |
| campo de control de longitud fija | 150817d18771879fr a| | ||re d |
| 245 00 - MENCIÓN DEL TÍTULO | |
| Título | Annuaire de l'archéologue français |
| Resto del título | : publié sous les auspices de la Société française d'archéologie pour la conservation des monuments historiques / |
| Mención de responsabilidad, etc. | par Anthyme Saint-Paul. |
| 260 ## - PUBLICACIÓN, DISTRIBUCIÓN, ETC. | |
| Lugar de publicación, distribución, etc. | Paris : |
| Nombre del editor, distribuidor, etc. | Tours : [s.n.], |
| Fecha de publicación, distribución, etc. | 1877-1879. |
| 300 ## - DESCRIPCIÓN FÍSICA | |
| Extensión | 3 v. : |
| Otras características físicas | il. ; |
| Dimensiones | 19 cm. |
| 310 ## - PERIODICIDAD ACTUAL | |
| Periodicidad actual | Anual |
| 362 0# - FECHAS DE PUBLICACIÓN Y/O DESIGNACIÓN SECUENCIAL | |
| Fecha de publicación y/o designación secuencial | N°1 (1877)-n°3 (1879) |
| 650 #7 - PUNTO DE ACCESO ADICIONAL DE MATERIA--TÉRMINO DE MATERIA | |
| Término de materia o nombre geográfico como elemento de entrada | Arqueología |
| Fuente del encabezamiento o término | embne |
| 9 (RLIN) | 9975 |
| 700 1# - ENTRADA AGREGADA--NOMBRE PERSONAL | |
| Nombre de persona | Saint-Paul, Anthyme ( |
| Fechas asociadas al nombre | 1843-1911) |
| 9 (RLIN) | 132291 |
| 710 2# - ENTRADA AGREGADA--NOMBRE DE ENTIDAD CORPORATIVA | |
| Nombre de entidad corporativa o nombre de jurisdicción como elemento de entrada | Société Française d'Archéologie. |
| 9 (RLIN) | 134937 |
| 852 ## - LOCALIZACIÓN | |
| Ubicación | ES-MaACL |
| Número de control de estantería | G-15654-56 |
| 866 #0 - MENCIÓN TEXTUAL DE FONDOS--UNIDAD BIBLIOGRÁFICA BÁSICA | |
| Fondos | 1877-79 |
| Estatus retirado | Estado de pérdida | Estado de daño | No para préstamo | Colección | Biblioteca de origen | Biblioteca actual | Ubicación en estantería | Fecha de adquisición | Fuente de adquisición | Total de préstamos | Signatura topográfica completa | Código de barras | Visto por última vez | Precio de reemplazo | Tipo de ítem Koha |
|---|---|---|---|---|---|---|---|---|---|---|---|---|---|---|---|
| Periódicos y Revistas | Biblioteca del Ateneo de Madrid | Biblioteca del Ateneo de Madrid | Sala Pecera Planta 3 | 17/08/2015 | G-15654-56 | 1194029 | 23/02/2023 | 23/02/2023 | Revista |
